Wszystkie przystanki linii tramwajowej numer 5 we Wrocławiu - Statystyki

Ogólne statystyki
  • Ten quiz został rozwiązany 19 razy
  • Średni wynik to 18 z 25
Statystyki odpowiedzi
Hint Odpowiedź % Poprawnych
17 Grabiszyńska
94%
14 Arkady Capitol
81%
13 Dworzec Główny
81%
23 FAT
81%
11 Galeria Dominikańska
81%
6 Krakowska
81%
7 Krakowska
81%
1 Księże Małe
81%
21 Bzowa
75%
25 Grabiszyńska ( Cmentarz )
75%
22 Hutmen
75%
18 Pereca
75%
19 Stalowa
75%
12 Wzgórze Partyzantów
75%
24 Fiołkowa
69%
4 Park Wschodni
69%
15 pl. Legionów
69%
10 pl. Wróblewskiego
69%
2 Głubczycka
63%
3 Karwińska
63%
16 Kolejowa
63%
8 Na niskich łąkach
63%
9 pl. Zgody
63%
20 pl. Srebrny
56%
5 Armi Krajowej
44%
Nie znaleziono quizów pasujących do podanych kryteriów
Rozkład punktacji
Procent ludzi z każdym wynikiem
Percentyl według liczby udzielonych odpowiedzi
Twoja historia wyników
Nie rozwiązałeś tego quizu